00454 2200169 4500001002100000005001500021008004100036020002200077035001900099041000700118082001700125090001700142100002000159245004900179260004400228300001200272INLIS00000000001399920241224114648241224||||||||| | ||| |||| || |  a978-602-00-2265-9 0010-1224013999 aid0 a005.43 LIL t a005.43 LIL t0 aLilis Setiawati00aTip dan Trik Mengatasi Kesalahan dalam excel aJakartabPT ELEX MEDIA KOMPUTINDOc2012 a100 hlm